| 000 | 00664nam a22002177a 4500 | ||
|---|---|---|---|
| 003 | DO-SdBNP | ||
| 005 | 20180208101929.0 | ||
| 008 | 171116b 1984 dr |||| |||| 00| 0 spa d | ||
| 040 |
_aBPMSU _bspa _cBPMSU |
||
| 100 | 1 | _aEsquea Guerrero, Enmanuel T. | |
| 245 | 1 | 3 |
_aEl régimen jurídico de los contadores públicos autorizados en la República Dominicana / _cEnmanuel T. Esquea Guerrero. |
| 260 |
_aSanto Domingo : _bOnap, _c1984. |
||
| 300 |
_a17 p. ; _c21 cm. |
||
| 490 | 1 | _aOnap | |
| 490 | 1 |
_aSeminarios _v11 |
|
| 830 | 0 | _aOnap | |
| 830 | 0 |
_aSeminarios _n11 |
|
| 942 |
_2ddc _cBK |
||
| 945 | _aInventariado, 2018 /LP | ||
| 956 |
_aBTAVAREZ _b10 _c20171116 _d0038 |
||
| 999 |
_c12907 _d12907 |
||